000 00656nam a2200229 a 4500
001 BRCA_8090
005 20190320210128.0
008 040414s1922----gw-o###f##---#000-0#ger-#
041 _ager
044 _agw
050 4 _aDP42
_b.H54 2 1922
100 1 _aHielscher, Kurt
_918327
245 1 0 _aDas unbekannte spanien
_bbaukunst, landschaft, volksleben
_cKurt Hielscher.
260 _aBerlín
_bE. Wasmuth
_cc1922
300 _axxii p.
_bil., 304 láminas
_c31 cm.
500 _aY122
500 _aLibro igual a R86
500 _aVer también Q194 (ed. en español)
651 4 _aEspaña
_xDescripción y viajes
_97912
902 _aGFM
942 _2lcc
_cB
999 _c7758
_d7758